Prvky technické politiky vybraných zemí

Príprava technickej politiky Českej republiky. Využitie postupov a skúseností iných krajín podobného charakteru. Technická politika ako súčasť priemyselnej politiky, ktorá je zase súčasťou hospodárskej a sociálnej politiky. Austrálska technická politika. Priemyslová politika Luxemburska, Írska, Dáns...

Descrizione completa

Salvato in:
Dettagli Bibliografici
Autore principale: Vaško, Tibor
Natura: Capitolo di libro
Lingua:ceco
Soggetti:
Tags: Aggiungi Tag
Nessun Tag, puoi essere il primo ad aggiungerne!!

MARC

LEADER 00000naa a2200000 4500
001 r016811
005 20221208131152.3
041 0 |a cze 
044 |a CZ 
245 1 0 |a Prvky technické politiky vybraných zemí  |c T. Vaško 
520 |a Príprava technickej politiky Českej republiky. Využitie postupov a skúseností iných krajín podobného charakteru. Technická politika ako súčasť priemyselnej politiky, ktorá je zase súčasťou hospodárskej a sociálnej politiky. Austrálska technická politika. Priemyslová politika Luxemburska, Írska, Dánska. Príklady technickej a priemyslovej politiky menovaných vybraných krajín, ktoré nevynikli prevratnými technológiami alebo výrobkami, ale s použitím skromných prostriedkov a správnej politiky si zabezpečili hospodársky rozvoj. 
610 2 0 |a politika technická 
610 2 0 |a politika priemyselná 
610 2 0 |a Austrália 
610 2 0 |a Írsko 
610 2 0 |a Dánsko 
610 2 0 |a Luxembursko 
610 2 0 |a Česko 
610 2 0 |a politika hospodárska 
100 1 |a Vaško, Tibor